000 00605nam a22001937a 4500
005 20140411112744.0
010 _aENG-109211
020 _a9788123767598
_c75.00
035 _aEN-92744
037 _bDBAD/PUB
082 _a355.033054
100 _aJasjit Singh
245 _aIndia's security in a turbulent world /
_cby Jasjit Singh
260 _aNew Delhi
_bNational Book Trust
_c2013
270 _aNehru Bhawan, 5 Institutional Area, Phase-2 Vasant Kunj
_bNew Delhi
_e110070
300 _a175p.
_c22cm(pbk)
490 _aPopular social science
942 _2ddc
_cEN
_mJAS
_h355.033054
999 _c82157
_d82157